[Event "DEM U10 2020"]
[Site "Willingen GER"]
[Date "2020.10.30"]
[Round "6"]
[White "Goldmann, David"]
[Black "Besou, Hussain"]
[Result "0-1"]
[Termination "normal"]
[Board "1"]
[WhiteElo "1644"]
[BlackElo "1825"]
[WhiteClock "01:06:31"]
[BlackClock "01:17:40"]
[PlyCount "66"]
[WhiteFideId "16268920"]
[BlackFideId "16269950"]
[EventCountry "GER"]
[EventRounds "7"]
[EventType "swiss"]
[EventDate "2020.10.26"]

1. d4 {[%clk 1:15:53]} Nf6 {[%clk 1:15:54]} 2. c4 {[%clk 1:16:16]} g6 {[%clk
1:16:19]} 3. Nc3 {[%clk 1:16:41]} Bg7 {[%clk 1:16:45]} 4. e4 {[%clk 1:17:05]}
d6 {[%clk 1:17:11]} 5. Be2 {[%clk 1:17:26]} O-O {[%clk 1:17:31]} 6. Be3 {[%clk
1:17:49]} c5 {[%clk 1:17:27]} 7. d5 {[%clk 1:18:05]} e6 {[%clk 1:17:45]} 8. Qd2
{[%clk 1:17:32]} exd5 {[%clk 1:18:07]} 9. exd5 {[%clk 1:17:34]} Re8 {[%clk
1:18:27]} 10. f3 {[%clk 1:16:45]} a6 {[%clk 1:17:32]} 11. O-O-O {[%clk
1:15:12]} b5 {[%clk 1:17:32]} 12. cxb5 {[%clk 1:15:23]} axb5 {[%clk 1:17:55]}
13. Bxb5 {[%clk 1:15:35]} Bd7 {[%clk 1:18:19]} 14. Bc4 {[%clk 1:13:48]} Qa5
{[%clk 1:17:09]} 15. Nb1 {[%clk 1:08:40]} Qa4 {[%clk 1:17:05]} 16. Bb3 {[%clk
1:08:46]} Qa6 {[%clk 1:17:27]} 17. Na3 {[%clk 1:08:46]} Ba4 {[%clk 1:17:36]}
18. Bxa4 {[%clk 1:07:44]} Qxa4 {[%clk 1:17:56]} 19. Ne2 {[%clk 1:07:41]} Nxd5
{[%clk 1:18:08]} 20. Qxd5 {[%clk 1:06:25]} Bxb2+ {[%clk 1:18:31]} 21. Kxb2
{[%clk 1:06:26]} Qxa3+ {[%clk 1:18:56]} 22. Kc2 {[%clk 1:06:46]} Rxe3 {[%clk
1:19:14]} 23. Kd2 {[%clk 1:06:36]} Re5 {[%clk 1:19:10]} 24. Qd3 {[%clk
1:06:45]} Qxa2+ {[%clk 1:19:32]} 25. Ke1 {[%clk 1:07:08]} c4 {[%clk 1:19:02]}
26. Qd2 {[%clk 1:07:21]} c3 {[%clk 1:19:28]} 27. Qd3 {[%clk 1:07:28]} c2 {[%clk
1:19:25]} 28. Rc1 {[%clk 1:07:53]} Qb2 {[%clk 1:19:39]} 29. Kf2 {[%clk
1:08:16]} Qb6+ {[%clk 1:18:52]} 30. Kf1 {[%clk 1:07:02]} Ra2 {[%clk 1:18:42]}
31. Qc4 {[%clk 1:06:37]} Qe3 {[%clk 1:16:48]} 32. Qxa2 {[%clk 1:06:13]} Qxe2+
{[%clk 1:17:12]} 33. Kg1 {[%clk 1:06:31]} Qe3+ {[%clk 1:17:40]} 0-1

[Event "DEM U10 2020"]
[Site "Willingen GER"]
[Date "2020.10.30"]
[Round "6"]
[White "Zimmer, Tim"]
[Black "Radeke, Timothy"]
[Result "0-1"]
[Termination "normal"]
[Board "18"]
[WhiteElo "1025"]
[BlackElo "1143"]
[WhiteClock "00:34:25"]
[BlackClock "01:04:50"]
[PlyCount "44"]
[WhiteFideId "34603115"]
[BlackFideId "16289412"]
[EventCountry "GER"]
[EventRounds "7"]
[EventType "swiss"]
[EventDate "2020.10.26"]

1. e4 c5 {[%clk 1:15:56]} 2. Nf3 {[%clk 1:16:06]} d6 {[%clk 1:16:21]} 3. d4
{[%clk 1:16:31]} cxd4 {[%clk 1:16:44]} 4. Nxd4 {[%clk 1:16:33]} Nf6 {[%clk
1:17:08]} 5. Nc3 {[%clk 1:16:34]} g6 {[%clk 1:16:53]} 6. Be3 {[%clk 1:16:13]}
Bg7 {[%clk 1:16:41]} 7. Bc4 Ng4 {[%clk 1:14:00]} 8. Qd2 {[%clk 1:13:13]} Nxe3
{[%clk 1:12:56]} 9. Qxe3 {[%clk 1:13:26]} O-O {[%clk 1:12:33]} 10. O-O-O {[%clk
1:13:13]} Nc6 {[%clk 1:11:45]} 11. Nxc6 {[%clk 1:12:54]} bxc6 {[%clk 1:12:00]}
12. h4 {[%clk 1:13:14]} h5 {[%clk 1:11:02]} 13. f3 {[%clk 0:53:04]} Kh7 {[%clk
1:10:39]} 14. Kb1 {[%clk 0:52:20]} Rb8 {[%clk 1:09:51]} 15. Bb3 {[%clk
0:50:09]} Qa5 {[%clk 1:08:46]} 16. Rhg1 {[%clk 0:42:55]} c5 {[%clk 1:07:01]}
17. Ka1 {[%clk 0:42:30]} Be6 {[%clk 1:06:35]} 18. Bxe6 {[%clk 0:41:19]} fxe6
{[%clk 1:06:47]} 19. g4 {[%clk 0:41:27]} Bd4 {[%clk 1:04:48]} 20. Qg5 {[%clk
0:34:25]} Bxc3 {[%clk 1:04:50]} 21. Qxe7+ {[%clk 0:34:25]} Kh8 {[%clk 1:04:50]}
22. Kb1 Bxb2 0-1